| 000 | 00632cam a22002411 4500 | ||
|---|---|---|---|
| 001 | sa 68016053 | ||
| 003 | DLC | ||
| 005 | 20260227112651.0 | ||
| 008 | 931105s1966 io a 000 1 sun | ||
| 010 | _asa 68016053 | ||
| 025 | _aPL480:Indo-4768 | ||
| 035 | _a(OCoLC)29253654 | ||
| 040 |
_aDLC _cCU _dDLC |
||
| 042 | _apremarc | ||
| 050 | 0 | 0 |
_aPL5454.R8 _bP45 |
| 100 | 1 |
_aRusamsi, Jus, _d1934- |
|
| 245 | 1 | 0 | _aParawan djeung dedemit. |
| 250 | _a[Tjit. 1.] | ||
| 260 |
_aBandung, _bPenerbit Komara, _c1966. |
||
| 300 |
_a50 p. _billus. _c18 cm. |
||
| 440 | 0 | _aSeri pustaka Sunda | |
| 505 | 0 | _aParawan.--Di setatsion.--Dedemit. | |
| 999 |
_c86883 _d86883 |
||